000 00481nam a2200169 i 4500
001 140162
003 ES-MaACL
005 20230906200025.0
007 t|
008 070214s1910 gw r ||||1| ger d
100 1 _aSchultz, Frank.
_9104771
245 1 0 _aDie röntgentherapie in der dermatologie /
_cFrank Schultz.
260 _aBerlin :
_bJulius Springer,
_c1910.
300 _aVII, 143 p. :
_bil. ;
_c25 cm.
650 0 4 _aDermatología.
_911784
852 _aES-MaACL
_jB-11373
999 _c140162
_d140162